000 00384nam a2200169Ia 4500
003 OSt
005 20231108153907.0
008 230406s9999 xx 000 0 und d
020 _a9788174457745
082 _a340
_bSUTK
100 _aSura, Kushal
245 0 _aKashmir and Ariticle 370
260 _aDelhi
_bMohit Publications
300 _a297
650 _aLaw
942 _cBK
_2ddc
999 _c1632
_d1632